| 000 | 00721cam a22002291 4500 | ||
|---|---|---|---|
| 001 | sa 68018032 | ||
| 003 | DLC | ||
| 005 | 20260227112708.0 | ||
| 008 | 940131s1961 io b 000 0 ind | ||
| 010 | _asa 68018032 | ||
| 025 | _aPL480:Indo-4847 | ||
| 035 | _a(OCoLC)29712800 | ||
| 040 |
_aDLC _cCU _dDLC |
||
| 050 | 0 | 0 |
_aGR320 _b.D3 |
| 100 | 1 | _aDajoh, M. R. | |
| 245 | 1 | 0 |
_aIrian Barat pukul tifa, _coleh M.R. Dajoh. |
| 260 |
_a[Djakarta] _bUrusan Adat Istiadat dan Tjeritera Rakjat, Djawatan Kebudajaan Dep. P.D. dan K., _c1961. |
||
| 300 |
_a117 p. _c21 cm. |
||
| 500 | _a"Siaran radio tentang segala sesuatu mengenai Irian Barat." | ||
| 504 | _aBibliography: p. 20-21. | ||
| 650 | 0 |
_aFolklore _zIndonesia _xPapua. |
|
| 999 |
_c88128 _d88128 |
||